| 000 | 00716nac a22001931u 4500 | ||
|---|---|---|---|
| 020 | _a8120324293 | ||
| 020 | _a8120324293 | ||
| 082 | 0 | 0 |
_a621.382 _bN6918 |
| 090 |
_c913 _d913 |
||
| 100 | _a20080729 | ||
| 245 | 1 | 0 | _aBasics of electronic communications. |
| 260 |
_aNew Delhi : _bPrentice Hall of India _c2004. |
||
| 300 |
_a377 p.: _bill. ; _c24 cm. |
||
| 500 | _aIncludes index. | ||
| 650 | 0 | _aTelecommunication. | |
| 700 | _aNIIT (Corporation) | ||
| 942 |
_cBB _k621.382N6918 |
||
| 999 |
_c913 _d913 |
||